Special edition using optical networks. (Record no. 175939)
[ view plain ]
| 000 -LEADER | |
|---|---|
| fixed length control field | 01089 a2200205 4500 |
| 003 - CONTROL NUMBER IDENTIFIER | |
| control field | Nust |
| 005 - DATE AND TIME OF LATEST TRANSACTION | |
| control field | 20170207152514.0 |
| 010 ## - LIBRARY OF CONGRESS CONTROL NUMBER | |
| LC control number | 2001096113 |
| 020 ## - INTERNATIONAL STANDARD BOOK NUMBER | |
| International Standard Book Number | 0789725819 |
| 040 ## - CATALOGING SOURCE | |
| Transcribing agency | Nust |
| 082 00 - DEWEY DECIMAL CLASSIFICATION NUMBER | |
| Classification number | 621.3827 |
| 245 00 - TITLE STATEMENT | |
| Title | Special edition using optical networks. |
| 246 30 - VARYING FORM OF TITLE | |
| Title proper/short title | Optical networks |
| 246 30 - VARYING FORM OF TITLE | |
| Title proper/short title | Using optical networks |
| 260 ## - PUBLICATION, DISTRIBUTION, ETC. | |
| Place of publication, distribution, etc. | Indianapolis, Ind. : |
| Name of publisher, distributor, etc. | Que, |
| Date of publication, distribution, etc. | c2002. |
| 300 ## - PHYSICAL DESCRIPTION | |
| Extent | vii, 351 p. : |
| Other physical details | ill. ; |
| Dimensions | 23 cm. |
| 500 ## - GENERAL NOTE | |
| General note | An Overview Of Optical Networks (Page-9),2.fiber optic technology (page 25)components of optical networks (page 71)modulation and demodulation (page 936.optical fiber fabrication,power launching and coupling(page 107)7.system parameters and design considerations(page 125)8.generations of optical networks(page 141)9.3synchronous optical networks(page 167)10.second generation optical networks(page 189)Broadcast and select topologies(page 199)The Evolution And Architecture Of Optical Network (Page-107),Managing Optical Networks (Page-263), Appendixes (Page-303) |
| 538 ## - SYSTEM DETAILS NOTE | |
| System details note | Almirah No 26 Shelf No 5 |
| 650 #0 - SUBJECT ADDED ENTRY--TOPICAL TERM | |
| Topical term or geographic name entry element | Telecommunication engineering |
| 942 ## - ADDED ENTRY ELEMENTS (KOHA) | |
| Koha item type | Reference |
| Withdrawn status | Lost status | Source of classification or shelving scheme | Damaged status | Not for loan | Collection code | Permanent Location | Current Location | Date acquired | Total Checkouts | Full call number | Barcode | Date last seen | Price effective from | Koha item type |
|---|---|---|---|---|---|---|---|---|---|---|---|---|---|---|
| Military College of Signals (MCS) | Military College of Signals (MCS) | 12/12/2016 | 621.3827 NII | MCS31908 | 12/08/2016 | 12/12/2016 | Book |
